| 000 | 00495nam a22001937a 4500 | ||
|---|---|---|---|
| 003 | OSt | ||
| 005 | 20140310184503.0 | ||
| 008 | 131012t xxu||||| |||| 00| 0 eng d | ||
| 020 | _a0516277367 | ||
| 050 |
_aPN 2287 _b.Sm612 2000 |
||
| 100 |
_aMcCracken, Kristin _928331 |
||
| 245 |
_aWill Smith / _cKristin McCracken. |
||
| 260 |
_aNew York : _bScholastic, _c2000. |
||
| 300 |
_a48 p. : _bcol ill. ; _c24 cm. |
||
| 521 | _aG6 | ||
| 526 | _c820 | ||
| 942 |
_2lcc _cBK-SCHOLAS |
||
| 999 |
_c34759 _d34759 |
||